The cure of canine distemper and hard pad. (Record no. 11130)

MARC details
000 -LEADER
fixed length control field 00658cam a22002411 4500
001 - CONTROL NUMBER
control field agr50000087
003 - CONTROL NUMBER IDENTIFIER
control field DLC
005 - DATE AND TIME OF LATEST TRANSACTION
control field 20260227111012.0
008 - FIXED-LENGTH DATA ELEMENTS--GENERAL INFORMATION
fixed length control field 821013s1950 enk 000 0 eng
010 ## - LIBRARY OF CONGRESS CONTROL NUMBER
LC control number agr50000087
015 ## - NATIONAL BIBLIOGRAPHY NUMBER
National bibliography number GB50-1196
035 ## - SYSTEM CONTROL NUMBER
System control number (OCoLC)8857987
040 ## - CATALOGING SOURCE
Original cataloging agency DLC
Transcribing agency OkS
Modifying agency Uk
-- DLC
042 ## - AUTHENTICATION CODE
Authentication code premarc
050 00 - LIBRARY OF CONGRESS CALL NUMBER
Classification number SF991
Item number .B24 1950
082 ## - DEWEY DECIMAL CLASSIFICATION NUMBER
Classification number 636.70896
-- [619.7]
100 2# - MAIN ENTRY--PERSONAL NAME
Personal name Baïracli-Levy, Juliette de.
245 04 - TITLE STATEMENT
Title The cure of canine distemper and hard pad.
250 ## - EDITION STATEMENT
Edition statement [2d ed., rev., enl.]
260 ## - PUBLICATION, DISTRIBUTION, ETC.
Place of publication, distribution, etc. Bridgwater, Somerset, Eng.,
Name of publisher, distributor, etc. The Farmer
Date of publication, distribution, etc. [1950]
300 ## - PHYSICAL DESCRIPTION
Extent 132 p.
Dimensions 19 cm.
650 #0 - SUBJECT ADDED ENTRY--TOPICAL TERM
Topical term or geographic name entry element Dogs
General subdivision Diseases.

No items available.

Powered by Koha